000 00300nam a22001337a 4500
008 170831b xxu||||| |||| 00| 0 eng d
020 _a9780073036175
041 _aeng
080 _23 ED
_a070
100 _a40
101 _aMED
245 _aA RHETORIC OF ARGUMENT
_cSECOR.M
942 _2udc
_cBK
999 _c25718
_d25718